000 00664nam a2200229 i 4500
001 C2-0279176
003 PPAK
005 20180728010503.0
008 070422s xx a|||| ||||| | may d
040 _aPPAK
_beng
_cPPAK
_erda
082 0 4 _a959.5112
_223
090 0 0 _a959.5112
_bSUB
_dKK
100 0 _aSubky Latif,
_eauthor
245 1 0 _aInterview khas dengan Sultan Abdul Halim
300 _a4 pages :
_billustrations ;
_c30 cm
336 _2rdacontent
_atext
337 _2rdamedia
_aunmediated
338 _2rdacarrier
_avolume
500 _aPetikan dari majalah Mastika September 1970.
650 1 0 _aKedah - History. ; King and rulers.
942 _ddc
_cB
999 _c85880
_d85880